000 00605nam a2200241Ia 4500
003 OSt
005 20221006144754.0
006 a|||||r|||| 00| 0
007 ta
008 221006b |||||||| |||| 00| 0 eng d
020 _cP5.00
024 _a12,667
037 _cTextual
040 _aEASL
_cEASL
_beng
041 _2eng
_aeng
082 _aV41:191.N, L2
100 _aMARTIN W A
_9652805
245 0 _aSiege in Peking
260 _aShannon
_bIrish University
_c1972
300 _a190p.
_ccm.
942 _hV41:191.N, L2
_cTEXL
_2CC
999 _c1080753
_d1080753